000 01299nam0a2200289 4500
001 RU\NLR\BIBL_A\022171417
005 20250625145329.0
010 _94000
035 _a(NLR Aleph) 022171417
090 _a13320681
_c13320681
100 _a20240319d1953 |||y0rusy50 ca
101 0 _adar
102 _aRU
105 _aa z 000 y
181 0 _ai
_baxxe
182 0 _an
200 1 _aДарган мез: грамматика, лукIнила кьяйдурти, гъай ункъдарни
_eбехIбихьудла школала хIябъибил класслис учебник
_eДАССР-ла просвещениела Министрли кьабулбарибси саби
_fС. Омаров
203 _aТекст
_bвизуальный
_cнепосредственный
210 _aМахIячкъала
_cДагъучпедгиз
_d1953
215 _a93,[1] с.
_cил.
_d22
541 1 _aДаргинский язык: Грамматика, правописание и развитие речи
_eучебник для 3 кл. нач. шк.
_eпринято Министерством просвещения ДАССР
_zrus
686 1 _aШ160.33-921
700 1 _aОмаров
_bС.
_4070
852 _aNLR
_bОНЛ
_jДарг./3-320
942 _cBOOK
980 _aNB